Najdrożsi piłkarze każdego kraju - Statystyki

Ogólne statystyki
  • Ten quiz został rozwiązany 491 razy
  • Średni wynik to 17 z 208
Statystyki odpowiedzi
Kraj Cena Zawodnika (€) Nazwisko zawodnika % Poprawnych
Argentyna 112mln Lionel Messi
88%
Brazylia 128mln Neymar
75%
Polska 56mln Robert Lewandowski
75%
Francja 180mln Kylian Mbappé
70%
Egipt 120mln Mohamed Salah
60%
Belgia 120mln Kevin De Bruyne
58%
Austria 52mln David Alaba
47%
Norwegia 72mln Erling Haaland
46%
Senegal 120mln Sadio Mané
46%
Korea Południowa 64mln Heung-min Son
45%
Algieria 48mln Riyad Mahrez
45%
Anglia 128mln Raheem Sterling
43%
Chile 16mln Alexis Sánchez
42%
Dania 68mln Christian Eriksen
41%
Kolumbia 48mln Davinson Sánchez
41%
Bośnia i Hercegowina 52mln Miralem Pjanic
38%
Gabon 56mln Pierre-Emerick Aubameyang
38%
Holandia 80mln Virgil van Dijk
37%
Portugalia 81mln João Félix
34%
Kanada 45mln Alphonso Davies
32%
Walia 32mln Gareth Bale
32%
Słowenia 80mln Jan Oblak
31%
Stany Zjednoczone 54mln Christian Pulisic
29%
Maroko 54mln Achraf Hakimi
27%
Szkocja 64mln Andrew Robertson
25%
Serbia 64mln Sergej Milinkovic-Savic
25%
Kostaryka 8mln Keylor Navas
22%
Niemcy 81mln Kai Havertz
20%
Czarnogóra 25,5mln Stefan Savic
20%
Finlandia 8mln Teemu Pukki
20%
Czechy 20mln Patrik Schick
19%
Islandia 22,5mln Gylfi Sigurdsson
18%
Armenia Armenia Henrikh Mkhitaryan
18%
Rosja 24mln Mário Fernandes
17%
Słowacja 48mln Milan Skriniar
16%
Ghana 40mln Thomas Partey
15%
Chiny 8mln Wu Lei
15%
Gwinea 33,5mln Naby Keïta
14%
Grecja 32mln Konstantinos Manolas
13%
Jamajka 29,5mln Leon Bailey
13%
Włochy 60mln Marco Verratti
13%
Kosowo 28mln Milot Rashica
13%
Ukraina 24mln Oleksandr Zinchenko
13%
Republika Środkowoafrykańska 22,5mln Geoffrey Kondogbia
12%
Nigeria 36mln Wilfred Ndidi
11%
Australia 9.5mln Aaron Mooy
10%
Komory 2,4mln El Fardou Ben
10%
Urugwaj 56mln José Giménez
10%
Chorwacja 48mln Marcelo Brozovic
10%
Dominikana 13mln Mariano Díaz
10%
Kuba 3,2mln Onel Hernández
10%
Kambodża 225tys. Thierry Bin
10%
Burkina Faso 18mln Edmond Tapsoba
9%
Wenezuela 14mln Josef Martínez
9%
Wybrzeże Kości Słoniowej 52mln Nicolas Pépé
9%
Kamerun 36mln André Onana
8%
Macedonia Północna 15,5mln Eljif Elmas
8%
Nowa Zelandia 14,5mln Chris Wood
7%
Węgry 16mln Willi Orban
7%
Szwecja 31,5mln Dejan Kulusevski
6%
Korea Północna 2,7mln Kwang-song Han
6%
Meksyk 40mln Raúl Jiménez
6%
Kenia 6,5mln Victor Wanyama
6%
Turcja 32mln Caglar Söyüncü
5%
Demokratyczna Republika Konga 12mln Cédric Bakambu
5%
Szwajcaria 36mln Denis Zakaria
5%
Izrael 8mln Munas Dabbur
5%
Syria 6,5mln Omar Al-Soma
5%
Irlandia Północna 12mln Jonny Evans
4%
Tunezja 7mln Wahbi Khazri
4%
Angola 6,5mln Clinton Mata
3%
Togo 24mln Dakonam Djene
3%
Albania 22,5mln Marash Kumbulla
3%
Gwatemala 475tys. Marco Pappa
3%
Paragwaj 16mln Miguel Almirón
3%
Gambia 11mln Musa Barrow
3%
Zambia 7,2mln Patson Daka
3%
Ekwador 6,7mln Pervis Estupiñán
3%
Estonia 1,2mln Ragnar Klavan
3%
Iran 14,5mln Sardar Azmoun
3%
Katar 3,2mln Akram Afif
2%
Irlandia 16mln Matt Doherty
2%
Hiszpania 72mln Saúl Ñíguez
2%
Republika Zielonego Przylądka 8mln Zé Luís
2%
Wyspy Dziewicze Stanów Zjednoczonych 150tys. Aaron Dennis
1%
Bahrajn 525tys. Abdullah Omar
1%
Niger 800tys. Ali Mohamed
1%
Czad 2,4mln Casimir Ninga
1%
Afganistan 325tys. Farshad Noor
1%
San Marino 175tys. Filippo Berardi
1%
Rumunia 9,5mln Ionut Radu
1%
Gwinea Bissau 3,2mln Mama Baldé
1%
Tanzania 9,5mln Mbwana Samatta
1%
Mali 19mln Moussa Marega
1%
Filipiny 2.4mln Neil Etheridge
1%
Somalia 175tys. Omar Mohamed
1%
Gwinea Równikowa 5,5mln Pedro Obiang
1%
Burundi 3mln Saido Berahino
1%
Hongkong 200tys. Siu-Kwan Philip Chan
1%
Benin 6.5mln Steve Mounié
1%
Pakistan 200tys. Adnan Mohammad
0%
Libia 2mln Ahmad Benali
0%
Sri Lanka 100tys. Ahmed Waseem Razeek
0%
Guam 400tys. A.J. DeLaGarza
0%
Honduras 2,8mln Alberth Elis
0%
Boliwia 1,4mln Alejandro Chumacero
0%
Białoruś 2,8mln Aleksandr Martynovich
0%
Malediwy 75tys. Ali Ashfaq
0%
Zjednoczone Emiraty Arabskie 3,2mln Ali Mabkhout
0%
Malta 325tys. André Schembri
0%
Mołdawia 3,5mln Artur Ionita
0%
Mjanma (Birma) 300tys. Aung Thu
0%
Liban 800tys. Bassel Jradi
0%
Kazachstan 2,4mln Bauyrzhan Islamkhan
0%
Turks i Caicos 200tys. Billy Forbes
0%
Tajlandia 1,9mln Chanathip Songkrasin
0%
Seszele 125tys. Charmaine Häusl
0%
Bhutan 150tys. Chencho Gyeltshen
0%
Papua-Nowa Gwinea 250tys. David Browne
0%
Liechtenstein 600tys. Dennis Salanovic
0%
Namibia 950tys. Deon Hotto
0%
Rwanda 475tys. Djihad Bizimana
0%
Uzbekistan 5,2mln Eldor Shomurodov
0%
Samoa 100tys. Fa'alavelave Matagi
0%
Kuwejt 725tys. Fahad Al Ebrahim
0%
Uganda 2mln Farouk Miya
0%
Jemen 100tys. Fekri Yahia Al Hubaishi
0%
Haiti 800tys. Frantzdy Pierrot
0%
Bahamy 75tys. Gavin Christie
0%
Nowa Kaledonia 300tys. Georges Gope-Fenepej
0%
Litwa 1,6mln Giedrius Arlauskis
0%
Gruzja 6,7mln Giorgi Chakvetadze
0%
Aruba 325tys. Gregor Breinburg
0%
Singapur 300tys. Hariss Harun
0%
Tahiti 150tys. Heimano Bourebare
0%
Brunei Darussalam 75tys. Hendra Azam
0%
Erytrea 475tys. Henok Goitom
0%
Palestyna 550tys. Imad Khalili
0%
Mauretania 450tys. Ismail Diakite
0%
Bangladesz 125tys. Jamal Bhuyan
0%
Saint Lucia 400tys. Janoi Donacien
0%
Wyspy Owcze 650tys. Jóan Símun Edmundsson
0%
Nikaragua 300tys. Juan Barrera
0%
Curacao 3,5mln Juninho Bacuna
0%
Irak 1,6mln Justin Meram
0%
Dżibuti 100tys. Kadar Hassan
0%
Makau 75tys. Ka Hang Leong
0%
Tonga 25tys. Kaya Huihahau
0%
Trynidad i Tobago 1mln Khaleem Hyland
0%
Grenada 325tys. Kharlton Belmar
0%
Bułgaria 3,2mln Kiril Despodov
0%
Cypr 4,8mln Konstantinos Laifis
0%
Luksemburg 3,2mln Leandro Barreiro
0%
Malawi 675tys. Limbikani Mzava
0%
Mauritius 550tys. Lindsay Rose
0%
Malezja 350tys. Liridon Krasniqi
0%
Peru 6,8mln Luis Abram
0%
Wyspy Świętego Tomasza i Książęca 475tys. Luís Leal
0%
Montsserat 1,4mln Lyle Taylor
0%
Antigua i Barbuda 800tys. Mahlon Romeo
0%
Madagaskar 4mln Marco Ilaimaharitra
0%
Andora 200tys. Marc Vales
0%
Wyspy Cooka 125tys. Maro Bonsu-Maro
0%
Zimbabwe 8mln Marvelous Nakamba
0%
Mozambik 3,2mln Mexer
0%
Wyspy Salomona 275tys. Micah Lea'alafa
0%
Panama 2,8mln Michael Murillo
0%
Vanuatu 300tys. Mitch Cooper
0%
Sudan 600tys. Mo Eisa
0%
Arabia Saudyjska 2,8mln Mohamed Kanno
0%
Botswana 325tys. Mpho Kgaswane
0%
Jordania 1,6mln Musa Al-Tamari
0%
Sierra Leone 1,6mln Mustapha Bundu
0%
Bermudy 3,2mln Nahki Wells
0%
Salwador 650tys. Nelson Bonilla
0%
Barbados 600tys. Nick Blackman
0%
Surinam 800tys. Nigel Hasselbaink
0%
Saint Vincent i Grenadyny 175tys. Oalex Anderson
0%
Liberia 1,1mln Oscar Dorley
0%
Tadźykistan 600tys. Parvizdzhon Umarbaev
0%
Timor Wschodni 650tys. Patrick Fabiano
0%
Republika Południowej Afryki 4mln Percy Tau
0%
Azerbejdżan 1,3mln Richard
0%
Łotwa 900tys. Roberts Uldrikis
0%
Nepal 275tys. Rohit Chand
0%
Saint Kitts and Nevis 3,2mln Romaine Sawyers
0%
Fidżi 525tys. Roy Krishna
0%
Sudan Południowy 300tys. Ruon Tongyik
0%
Turkmenistan 525tys. Ruslan Mingazov
0%
Oman 600tys. Saad Suhail
0%
Etiopia 300tys. Saladin Said
0%
Gibraltar 200tys. Scott Wiseman
0%
Dominika 75tys. Sherwin George
0%
Japonia 16mln Shoya Nakajima
0%
Laos 75tys. Soukaphone Vongchiengkham
0%
Indonezja 350tys. Stefano Lilipaly
0%
Indie 300tys. Sunil Chhetri
0%
Gujana 550tys. Terell Ondaan
0%
Kongo 2mln Thievy Bifouma
0%
Tajwan 325tys. Tim Chow
0%
Belize 450tys. Tony Rocha
0%
Eswatini (Suazi) 150tys. Tony Tsabedze
0%
Lesotho 250tys. Tshwarelo Bereng
0%
Mongolia 50tys. Tugsbayar Ganbaatar
0%
Samoa Amerykańskie 25tys. Uasilaa Heleta
0%
Kirgistan 950tys. Valeri Kichin
0%
Wietnam 300tys. Van Quyet Nguyen
0%
Portoryko 600tys. Zarek Valentin
0%
Nie znaleziono quizów pasujących do podanych kryteriów
Rozkład punktacji
Procent ludzi z każdym wynikiem
Percentyl według liczby udzielonych odpowiedzi
Twoja historia wyników
Nie rozwiązałeś tego quizu